00552nam a2200181Ia 4500008004100000020001400041050001400055100002000069245002000089245006100109260001400170260001400184260000900198300001600207300002500223999001900248952010300267180207s9999 xx 000 0 und d a153265027 bB393 2003 aBeck, Isabel L. aCatch a dream / cIsabel L. Beck, Roger C. Farr and Dorothy S. Strickland. aFlorida : bHarcourt, c2003 a173 pages : bcolor illustration ; c355023d355023 001040aSSISMbSSISMd2018-02-07l0oER B393 2003pSSISM4568r2018-02-07 00:00:00w2018-02-07yBK